| 000 | 00955 a2200217 4500 | ||
|---|---|---|---|
| 003 | Nust | ||
| 005 | 20221110133802.0 | ||
| 010 | _a 76010242 | ||
| 020 | _a0070013713 | ||
| 040 | _cNust | ||
| 082 | 0 | 0 | _a512.1,ALL |
| 100 | 1 |
_aAllendoerfer, Carl B. _9102523 |
|
| 245 | 1 | 0 |
_aElementary functions / _cCarl B. Allendoerfer, Cletus O. Oakley, Donald R. Kerr, Jr. |
| 260 |
_aNew York : _bMcGraw-Hill, _cc1977. |
||
| 300 |
_axii, 314 p. : _bill. ; _c25 cm. |
||
| 505 | _aNumbers (Page-1), Equations And Inequalities (Page-23), Functions (Page-41), Graphs (Page-60), Polynomial Functions (Page-108), Exponential Functions (Page-139), Inverse Functions (Page-153), Logarithms (Page-166),Trigonometric Functions (Page-184), Application Of Trigonometry To Graphing (Page-219), Graphing In Space (Page-238). | ||
| 650 | 0 |
_aFunctions. _911020 |
|
| 700 | 1 |
_aKerr, Donald R., _9102524 |
|
| 700 | 1 |
_aOakley, Cletus O. _d1899- _9102525 |
|
| 942 |
_2ddc _cBK _k512.1,ALL |
||
| 999 |
_c182038 _d182038 |
||